| 000 | 01068nam a2200265 a 4500 | ||
|---|---|---|---|
| 001 | 1898275 | ||
| 003 | OSt | ||
| 005 | 20230717085717.0 | ||
| 008 | 850222s1984 dcu 000 0 eng | ||
| 010 | _a 84051599 | ||
| 020 | _a0915825015 | ||
| 040 |
_aDLC _cDLC _dDLC |
||
| 043 | _ad------ | ||
| 082 | 0 | 0 |
_a363.7 _bWRI |
| 245 | 0 | 0 |
_aImproving environmental cooperation : _bthe roles of multinational corporations and developing countries : the report of a panel of business leaders and other experts convened by the World Resources Institute. |
| 260 |
_aWashington, D.C. : _bThe Institute, _cc1984. |
||
| 300 |
_aiv, 51 p. ; _c23 cm. |
||
| 650 | 0 |
_aInternational business enterprises _xEnvironmental aspects _zDeveloping countries. |
|
| 650 | 0 |
_aInternational business enterprises _xSocial aspects _zDeveloping countries. |
|
| 650 | 0 |
_aEnvironmental policy _zDeveloping countries. |
|
| 650 | 0 |
_aNatural resources _zDeveloping countries _xManagement. |
|
| 710 | 2 | _aWorld Resources Institute. | |
| 906 |
_a7 _bcbc _corignew _d3 _eocip _f19 _gy-gencatlg |
||
| 942 |
_2ddc _cBK |
||
| 999 |
_c3973 _d3973 |
||